00391nam a2200145Ia 4500008004100000040001900041041001200060082002300072100001800095245003800113260003700151300002000188650002100208850001600229131103s9999 xx 000 0 und d aLoreto College aEnglish aF/WEBbLCBED/10875 aWebster, Jean aDaddy - Long - LegscJean Webster aNew YorkbA signet classicc1988 a171p. c 19 cm. aEnglish fiction  aLCBED/F/WEB